Cohomology operations /
Guardado en:
| Autor Principal: | |
|---|---|
| Otros Autores: | |
| Formato: | Libro |
| Idioma: | English |
| Publicado: |
Princeton, New Jersey :
Princeton University Press,
1962.
|
| Series: | Annals of mathematics studies ;
no. 50 |
| Etiquetas: |
Agregar Etiqueta
Sin Etiquetas, Sea el primero en etiquetar este registro!
|
| LEADER | 00611nam a22001695a 4500 | ||
|---|---|---|---|
| 001 | MAT.inmabb001072 | ||
| 008 | 031120s1962####nju###########000#0#eng#d | ||
| 005 | 20130311134223.0 | ||
| 245 | 1 | 0 | |a Cohomology operations / |c lectures by N. E. Steenrod ; written and revised by D. B. A. Epstein. |
| 260 | |a Princeton, New Jersey : |b Princeton University Press, |c 1962. | ||
| 300 | |a 138 p. ; |c 24 cm. | ||
| 440 | 0 | |a Annals of mathematics studies ; |v no. 50 | |
| 510 | 4 | |a MR, |c 26 #3056 | |
| 100 | 1 | |a Steenrod, Norman Earl, |d 1910-1971. | |
| 700 | 1 | |a Epstein, D. B. A. | |
| 084 | |a 55Sxx |2 msc2000 | ||
| 859 | |h 55 |i St814c |p A-1048 |b BIB. MATEMATICA | ||
